| 000 | 00000nam##2200000za#4500 |
| 001 | 9.681673 |
| 003 | CaOODSP |
| 005 | 20221104105554 |
| 007 | ta |
| 008 | 150407|2001||||xxc||||| f|0| 0 fre|d |
| 020 | |a0-662-86442-5 |
| 040 | |aCaOODSP|bfre |
| 043 | |an-cn--- |
| 086 | 1 |aR63-260/2001F |
| 110 | 2 |aParcs Canada. |
| 245 | 10|aGuide du visiteur de l'arrière-pays - Parc national de Banff |
| 260 | |aBanff - Alberta : |bParcs Canada |c2001. |
| 300 | |a4p. : |bfigure, ill., carte ; |c58 cm. |
| 500 | |aN.B.: Le numéro de catalogue (R63-260/2001) et le numéro ISBN (0-662-65651-2) imprimés dans cette publication sont incorrects. |
| 563 | |aDépliant |
| 590 | |a02-50|b2002-12-13 |
| 691 | 07|aParc national|2gcpds |
| 775 | 08|tBackcountry visitors' guide: Banff National Park |w(CaOODSP)9.648071 |
| 776 | 0#|tGuide du visiteur de l'arrière-pays - Parc national de Banff |w(CaOODSP)9.630872 |